| 000 | 00334 a2200133 4500 | ||
|---|---|---|---|
| 999 |
_c325453 _d325453 |
||
| 001 | 90380 | ||
| 003 | NUST | ||
| 082 | _a891.43930108 SAE | ||
| 100 |
_aSaeed Asi _99842 |
||
| 245 |
_aKab Raaj Karey Gi Khalqay Khuda _hUrdu |
||
| 260 |
_aLahore _bHuq Publications _c2012 |
||
| 300 | _a335p. | ||
| 500 | _aGeneral Books | ||
| 942 |
_aCAE NUST _cBK _k891.43930108 SAE _2ddc |
||